| 000 | 00490nam a22001457a 4500 | ||
|---|---|---|---|
| 003 | 0 | ||
| 005 | 20230202090120.0 | ||
| 008 | 230202b xxu||||| |||| 00| 0 eng d | ||
| 050 |
_aHE 9783.5 _b.M38 2021 |
||
| 245 |
_aIMpact of the new normal on the operations of selected airbnb hosts in Tagaytay City _cMateo, Bianca Nicole E. |
||
| 260 |
_aLas Pinas City _bSouthville International School & Colleges _cC2021 |
||
| 300 |
_ax,191pp. _c28cm. _fTheses |
||
| 500 | _aNew normal. | ||
| 942 |
_2lcc _cTH |
||
| 999 |
_c364927 _d364927 |
||